| 000 | 00551nam a2200193 4500 | ||
|---|---|---|---|
| 001 | 3128 | ||
| 005 | 20220419103346.0 | ||
| 008 | 220419b |||||||| |||| 00| 0 eng d | ||
| 020 | 0 | 0 | _a9788127266158 |
| 090 | 0 | 0 | _a657.42 J254c 2011 |
| 100 | 0 | 0 | _aJain, S. P. |
| 245 | 0 | 0 |
_aCost and management accounting / _cS. P. Jain, K. L. Narang. |
| 246 | _aCost & management accounting. | ||
| 260 | 0 | 0 |
_aLudhiana : _bKalyani Publishers, _c2010. |
| 300 | 0 | 0 | _av. : 24 cm. |
| 650 | 0 | 0 | _aCost accounting. |
| 650 | 0 | 0 | _aManagerial accounting. |
| 942 |
_2ddc _cMAIN |
||
| 999 |
_c2521 _d2521 |
||